书目信息 |
| 书名: | American politics after September 11 | |
| 作者: | editor, James M. Lindsay ; [contributing authors, Cary R. Covington ... et al.]. | |
| 分册号: | ||
| 分册名: | 出版地: | Cincinnati, Ohio : |
|
| 出版社: | Atomic Dog Pub | |
| 出版时间: | c2003. | |
| 页数: | v, 137 p. : | |
| 开本: | 28 cm. | |
| 丛书名: | ||
| 中图分类号: | ||
| 科图分类号: | ||
| 其他分类号: | D77 | |
| 主题词: | ||
| 电子资源: | ||
| 000 | 01124nam a2200361 a 4500 | |
| 001 | E0732507855 | |
| 003 | CAL | |
| 005 | 20070407090257.77 | |
| 008 | 020614s2003 ohua b 001 0 eng d | |
| 010 | @a 2002108527 | |
| 020 | @a1931442142. | |
| 040 | @aCUI@cCUI@dDLC | |
| 042 | @alccopycat | |
| 043 | @an-us--- | |
| 050 | 00 | @aJK468.P64@bA536 2003 |
| 082 | 00 | @a973.931@222 |
| 090 | @aD77 | |
| 093 | @aD771.22@24 | |
| 099 | @dD77@ex42 | |
| 245 | 00 | @aAmerican politics after September 11 / @ceditor, James M. Lindsay ; [contributing authors, Cary R. Covington ... et al.]. |
| 260 | @aCincinnati, Ohio :@bAtomic Dog Pub.,@cc2003. | |
| 300 | @av, 137 p. :@bill. ;@c28 cm. | |
| 504 | @aIncludes bibliographical references and index. | |
| 650 | 0 | @aSeptember 11 Terrorist Attacks, 2001. |
| 650 | 0 | @aPolitical planning@zUnited States. |
| 650 | 0 | @aWar on Terrorism, 2001- |
| 651 | 0 | @aUnited States@xPolitics and government@y2001- |
| 700 | 1 | @aCovington, Cary Raymond,@d1951- |
| 700 | 1 | @aLindsay, James M.,@d1959- |
| 920 | @a231010@z2 | |
| 920 | @a244180@z2 | |
| 920 | @a242250@z1 | |
| 998 | @aFDU | |
| American politics after September 11 / / editor, James M. Lindsay ; [contributing authors, Cary R. Covington ... et al.].-Cincinnati, Ohio : : Atomic Dog Pub., , c2003. |
| v, 137 p. : : ill. ; ; 28 cm. |
| Includes bibliographical references and index. |
| ISBN 1931442142. |
| ● |
| 相关链接 |
|
|
|
|
正题名:American politics after September 11
索取号:D77/x42
 
预约/预借
| 序号 | 登录号 | 条形码 | 馆藏地/架位号 | 状态 | 备注 |
| 1 | 004004 | 300040042 | 第二样本阅览室/ [索取号:D77/x42] | 在馆 | |
| 2 | 004005 | 300040051 | 第四借阅区/ [索取号:D77/x42] | 在馆 | |
| 3 | 004006 | 300040060 | 第四借阅区/ [索取号:D77/x42] | 在馆 |